Sonetti dell'amore oscuro : e altre poesie inedite /
I tiakina i:
| Kaituhi matua: | |
|---|---|
| Ētahi atu kaituhi: | |
| Hōputu: | Pukapuka |
| Reo: | Itāriana Pāniora |
| I whakaputaina: |
Milano :
Garzanti,
1985
|
| Rangatū: | Poesie
|
| Ngā Tūtohu: |
Kāore He Tūtohu, Me noho koe te mea tuatahi ki te tūtohu i tēnei pūkete!
|
MARC
| LEADER | 00000nam a22000007i 4500 | ||
|---|---|---|---|
| 001 | IT\ICCU\UFI\0117023 | ||
| 003 | ItRI | ||
| 005 | 20260115232409.0 | ||
| 008 | 930407s1985 it |||||| ||||| |||||c | ||
| 040 | |b ita |c importazione bologna sebina | ||
| 041 | 7 | |a ita |a spa |2 ISO-639-2 | |
| 082 | |a 861.62 |9 POESIA SPAGNOLA. 1900-1945 |2 11 | ||
| 082 | |a 861.62 |9 POESIA SPAGNOLA. 1900-1945 |2 19 | ||
| 100 | 1 | |a García Lorca, Federico |0 IT\ICCU\CFIV\051848 |4 aut | |
| 240 | 1 | 0 | |a Sonetti dell'amore oscuro. |3 IT\ICCU\PAV\1003523 |9 García Lorca, Federico |
| 245 | 1 | 0 | |a Sonetti dell'amore oscuro : |b e altre poesie inedite / |c Federico Garcia Lorca ; studio critico, traduzione e note di Mario Socrate. |
| 260 | |a Milano : |b Garzanti, |c 1985 | ||
| 300 | |a 277 p. ; |c 22 cm | ||
| 500 | |a Testo orig. a fronte. | ||
| 700 | 1 | |a Socrate, Mario |0 IT\ICCU\CFIV\054774 | |
| 790 | 1 | |a García Lorca, Fidrì |3 IT\ICCU\CFIV\051850 |z García Lorca, Federico | |
| 790 | 1 | |a Lorca, Federico |3 IT\ICCU\CFIV\121149 |z García Lorca, Federico | |
| 790 | 1 | |a Lorca, F. G. |3 IT\ICCU\CFIV\262138 |z García Lorca, Federico | |
| 790 | 1 | |a Garcia Lorca, Frederico |3 IT\ICCU\LO1V\555559 |z García Lorca, Federico | |
| 830 | 0 | |a Poesie |0 IT\ICCU\CFI\0019327 | |
| 942 | |2 ddc |c BK |n 0 | ||
| 952 | |0 0 |1 0 |4 0 |6 DOC_861_620000000000000_GAR |7 0 |9 25386 |a BO |b BO |d 2026-01-15 |i 1592 |l 0 |o DOC 861.62 GAR |p BO1592 |r 2026-01-15 23:24:09 |w 2026-01-15 |x [Sebina 5] [1 v.] |y BK |z 1 v. | ||
| 999 | |c 21560 |d 21560 | ||